=LDR 00000nam 2200000 4500 =001 INLIS000000000809986 =005 20260413023838 =035 ##$$a 0010-0925000111 =100 ##$$a Nawawi, Imam An- =245 1#$$a Syarah shahih Muslim Jilid 1-10 /$c Imam An-Nawawi =260 ##$$a Beirut : :$b Dar Al Kutub AL Ilmiyyah,,$c 2014 =300 ##$$a xv, 895 hlm. ; $c 23.5 cm. =500 ##$$a Kitab Shahih Muslim disusun oleh Imam Abu al-Husain Muslim bin al-Hajjaj an-Naisaburi (204–261 H), dan disyarah (dijelaskan) oleh Imam Yahya bin Syaraf an-Nawawi (631–676 H). Merupakan salah satu kitab hadis paling sahih setelah Shahih al-Bukhari. Syarah Imam an-Nawawi berisi penjelasan makna hadis, hukum-hukum fiqh, serta pelajaran akhlak dan aqidah yang terkandung di dalamnya. =007 ta =008 260413###########################0#ara## =082 ##$$a 297.125 =084 ##$$a R 297.125 NAW s